00522nam a22001817a 450000500170000000800410001704000070005804100120006508200210007710000250009824500360012326000400015930000320019936500540023144000130028565000080029865000340030620241218140529.0241218b ||||| |||| 00| 0 eng d cAL aEnglish 223a348.04bEASS aEastern Book Company aSupreme Court Cases 2000: Vol 2 aLucknowbEastern Book Companyc2017 axxiii,815 p.bHBc24x16 cm. a1061b₹959.52c₹d₹1279.36e25%f28-11-2024 aVolume 2 aLaw aMode of Citation (2000) 2 SCC